| 000 | 02653cam a22005174i 4500 | ||
|---|---|---|---|
| 003 | PE-LiUPU | ||
| 005 | 20250731184601.0 | ||
| 008 | 150706s r 000 0 d | ||
| 035 | _a(Sirsi) a52053 | ||
| 035 | _a(Sirsi) a52053 | ||
| 040 |
_aPE-LiUPU _bspa _cPE-LiUPU _erda |
||
| 049 | _aPRUA | ||
| 082 | 0 | 4 |
_a912.8525 _bA8 _221 |
| 110 | 2 | _aInternational Institute for Geo-information Science and Earth Observation.; NUFFIC. | |
| 245 | 1 | 0 |
_aAtlas ambiental de Lima / _c[coordinación, Instituto Metropolitano de Planificación; coordinadores, Mark Brussel, Gina Chambi Echegaray]. |
| 264 | 1 |
_aLima : _b[Municipalidad de Lima], _c2008. |
|
| 300 |
_a160 páginas : _bilustraciones a color ; _c32 cm. |
||
| 336 |
_atext _2rdacontent |
||
| 337 |
_aunmediated _2rdamedia |
||
| 338 |
_avolume _2rdacarrier |
||
| 505 | 0 | _aSistema natural -- Geología -- Geomorfología -- Hidrología -- Litoral de Lima -- Clima -- Fenómeno del niño -- Peligros naturales -- Principales ecosistemas -- Pantanos de Villa -- Sistema humano -- Evolución espacial -- Perfil demográfico -- Servicios básicos -- Identidad -- Actividades económicas -- El hombre y el ambiente -- Gestión del recurso hídrico -- Aprovechamiento del recurso suelo -- Calidad del aire -- Peligros antrópicos -- Vulnerabilidad y estimación de riesgos -- Experiencias y propuestas -- Recuperación de la cuenca del río Rímac -- Protección ambiental y ecología urbana -- Mejoramiento integral de barrios -- Descontaminación del mar -- Educación sanitaria. | |
| 526 | _aP136 | ||
| 526 | _aP135 | ||
| 526 | _aP134 | ||
| 526 | _aP133 | ||
| 526 | _aP144 | ||
| 526 | _aP143 | ||
| 526 | _aP87 | ||
| 526 | _aP35 | ||
| 526 | _aP20 | ||
| 526 | _aP14 | ||
| 526 | _aP10 | ||
| 526 | _aP06 | ||
| 650 | 1 | 8 |
_aLima (Perú : Distrito Capital) _vAtlas. |
| 650 | 1 | 8 |
_aLima (Perú : Distrito Capital) _vMapas. |
| 650 | 2 | 8 |
_aLima (Perú) _vAtlas. |
| 700 | 1 |
_aBrussel, Mark, _ecoord. |
|
| 700 | 1 |
_aChambi Echegaray, Gina, _ecoord. |
|
| 910 |
_agl _clch _d20130429 |
||
| 942 |
_2ddc _cBOOK |
||
| 949 |
_a912.8525 A8 _wDEWEY _c1 _i66468 _lRC _mBUL _p25.00 _r0 _sY _tBOOK _u2015-7-6 _xBIBLIOTECA _zUNKNOWN _0COMPRA _o.CIRCNOTE. No olvidar cambiar la fecha de devolución!!!!!!! _o.STAFF. Colección General |
||
| 994 |
_aC0 _bPEPRU |
||
| 596 | _a1 | ||
| 999 |
_a912.8525 A8 _wDEWEY _c54643 _i66468 _d54643 _f2021-11-9 _g6 _lCCODEBUL1 _mBUL _p25.00 _q2 _r0 _sY _tBOOK _u2015-7-6 _xEDUCACION _zUNKNOWN _0COMPRA _o.CIRCNOTE. No olvidar cambiar la fecha de devolución!!!!!!! _o.STAFF. Colección General |
||
| 980 |
_81 _gALBERTO SANCHEZ Responsable de Automatización |
||